000 00627cam a2200205 a 4500
999 _c108653
_d108653
001 12730213
005 20181027120358.0
008 020404s2002 nyua b 001 0 eng
020 _a006001203X
040 _cPK-LaUMT
082 0 0 _a613.25
_221
_bATK-D
100 1 _aAtkins, Robert C.
245 1 0 _aDr. Atkins' new diet revolution :
_bteh no-hunger, luxurious eright loss plan that really works! /
_cRobert C. Atkins
260 _aLondon :
_bVermilion,
_c2003
300 _axiv, 542 p. :
_bill. ;
_c18 cm.
500 _aCompletely updated.
650 0 _aReducing diets.
650 0 _aLow-carbohydrate diet.
942 _cBK